Central Library OPAC University of Rajshahi

International monetary co-operation, 1945-52 / (Record no. 51898)

MARC details
000 -LEADER
fixed length control field 00798nam a2200253 a 4500
001 - CONTROL NUMBER
control field 51898
003 - CONTROL NUMBER IDENTIFIER
rucl marc code BD-RjUL
005 - DATE AND TIME OF LATEST TRANSACTION
control field 20211209075728.0
008 - FIXED-LENGTH DATA ELEMENTS--GENERAL INFORMATION
fixed length control field 160904s1952 enk bs 001 0 eng
035 ## - SYSTEM CONTROL NUMBER
System control number (BD-RjUL)52018
040 ## - CATALOGING SOURCE
Original cataloging agency DLC
Transcribing agency DLC
Modifying agency BD-RjUL
Language of cataloging eng
041 ## - LANGUAGE CODE
Language code of text/sound track or separate title eng
082 ## - DEWEY DECIMAL CLASSIFICATION NUMBER
Edition number 23
Classification number 332.4566
Author mark and year TEI 1952
100 1# - MAIN ENTRY--PERSONAL NAME
Personal name Tew, Brian.
9 (RLIN) 155224
245 10 - TITLE STATEMENT
Title International monetary co-operation, 1945-52 /
Statement of responsibility, etc. Brian Tew
260 ## - PUBLICATION, DISTRIBUTION, ETC. (IMPRINT)
Place of publication, distribution, etc. New York :
Name of publisher, distributor, etc. Hutchinson's University Library,
Date of publication, distribution, etc. 1952
300 ## - PHYSICAL DESCRIPTION
Pagination xi, 180 p. ;
Size 18 cm.
490 0# - SERIES STATEMENT
Series statement Hutchinson's university library. Economics
504 ## - BIBLIOGRAPHY, ETC. NOTE
Bibliography, etc Includes index and Bibliography: p. 175-176.
650 #0 - SUBJECT ADDED ENTRY--TOPICAL TERM
Topical term or geographic name as entry element Foreign exchange.
9 (RLIN) 155225
Topical term or geographic name as entry element Balance of payments.
9 (RLIN) 133927
Topical term or geographic name as entry element International liquidity.
9 (RLIN) 134105
942 ## - ADDED ENTRY ELEMENTS (KOHA)
Source of classification or shelving scheme Dewey Decimal Classification
Koha item type Books
Holdings
Lost status Source of classification or shelving scheme Damaged status Not for loan Collection code Permanent Location Current Location Shelving location Date acquired Source of acquisition Cost, normal purchase price Total Checkouts Full call number Date last seen Copy number Koha item type
  Dewey Decimal Classification     Non-fiction Central Library, University of Rajshahi Central Library, University of Rajshahi   14/02/1955 Mohiuddin & sons 5.50   332.4566 TEI 1952 04/09/2016 C-2 Books